01126cam a2200313 a 450000100100000000500170001000800410002702000150006804000300008304100380011308200190015110000330017024000430020324500850024626000330033130000210036449000290038553400510041465000300046565000320049565000350052770000340056283000350059691000280063191000070065904900090066695201220067599900150079700000468720240529124642.0021106s1998 sp 000 f spa d a840802793X aDO-SdBNPbspacDLCdBNPHU17aspahpor2Código de idioma MARC aB869.42bC672m1 aCoelho, Paulo,d1947-91364910aManual do Guerreiro da luz.lEspañol10aManual del guerrero de la luz /cPaulo Coelho ; traducción de Montserrat Mira. aBarcelona :bPlaneta,c1998. a149 p. ;c19 cm.1 aBiblioteca Paulo Coelho. aTítulo original:tManual do Guerreiro da luz 0aNovela brasileña913650 4aLiteratura brasileña9823 4aConducta socialxNovela9136511 aMira, Montserrat,etr.913652 0aBiblioteca Paulo Coelho913653 aCatalogación derivada aWM aBNGR 001052708MOaGRbGRcHDd2009-07-24iLF1l0oB869.42 C672mp4687-10r2020-06-25w2020-06-25y2ZPréstamo interno c4493d4493